ABC of Dermatology / (Record no. 35963)

MARC details
000 -LEADER
fixed length control field 00428nam a22001697a 4500
005 - DATE AND TIME OF LATEST TRANSACTION
control field 20240626095538.0
008 - FIXED-LENGTH DATA ELEMENTS--GENERAL INFORMATION
fixed length control field 240626b |||||||| |||| 00| 0 eng d
020 ## - INTERNATIONAL STANDARD BOOK NUMBER
ISBN 9781405170659
082 ## - DEWEY DECIMAL CLASSIFICATION NUMBER
Classification number 616.5
Item number ABC
245 ## - TITLE STATEMENT
Title ABC of Dermatology /
250 ## - EDITION STATEMENT
Edition statement 5th ed.
260 ## - PUBLICATION, DISTRIBUTION, ETC.
Place of Publication UK ;
Name of publisher, distributor, etc. Black well ;
Date of publication, distribution, etc. 2009
300 ## - PHYSICAL DESCRIPTION
Pages ix,210p.
500 ## - GENERAL NOTE
General note include index .
650 ## - SUBJECT ADDED ENTRY--TOPICAL TERM
Subject / Department Medical / Dermatology
300 ## - PHYSICAL DESCRIPTION
-- ill ;
-- 27 cm.
952 ## - LOCATION AND ITEM INFORMATION (KOHA)
-- 0
-- 0
952 ## - LOCATION AND ITEM INFORMATION (KOHA)
-- 0
-- 0
952 ## - LOCATION AND ITEM INFORMATION (KOHA)
-- 0
-- 0
952 ## - LOCATION AND ITEM INFORMATION (KOHA)
-- 0
-- 0
Holdings
Lost status Damaged status Collection code Permanent Location Current Location Shelving Location Date acquired Full Call Number Accession No./Barcode Date last seen Copy number item type Koha item type
    Pharmacy Superior Information Resource Center (SIRC) Superior University- Central Library Superior Information Resource Center (SIRC) Superior University- Central Library Dermatology 06/26/2024 616.5 ABC 2009 5572 03/13/2026 1 BOOK BOOK
    Pharmacy Superior Information Resource Center (SIRC) Superior University- Central Library Superior Information Resource Center (SIRC) Superior University- Central Library Dermatology 06/26/2024 616.5 ABC 2009 5573 06/26/2024 2 BOOK BOOK
    Pharmacy Superior Information Resource Center (SIRC) Superior University- Central Library Superior Information Resource Center (SIRC) Superior University- Central Library Dermatology 06/26/2024 616.5 ABC 2009 5574 06/26/2024 3 BOOK BOOK
    Pharmacy Superior Information Resource Center (SIRC) Superior University- Central Library Superior Information Resource Center (SIRC) Superior University- Central Library Dermatology 06/26/2024 616.5 ABC 2009 5575 10/03/2025 4 BOOK BOOK

Powered by Koha